| 000 | 00744cab a2200241 4500 | ||
|---|---|---|---|
| 001 | ABS56836 | ||
| 008 | 090401t1997 xxu||||| |||| 00| 0 eng d | ||
| 035 | _a(Sirsi) u77884 | ||
| 041 | _aeng | ||
| 100 | _aCatalano, A. | ||
| 245 | _aDusco and Hermes unveil first APUT | ||
| 260 | _c1997 | ||
| 350 | _a0 | ||
| 490 |
_aEuroProperty _v5(10) April 1997, 11(1) |
||
| 520 | _aReports on the UK`s first authorised property unit trust (APUT) which is scheduled to launch on the stock exchange in July 1997. | ||
| 650 | _aAPUT | ||
| 650 | _aINSTITUTIONAL INVESTMENT | ||
| 650 | _aPROPERTY INVESTMENT VEHICLES | ||
| 650 | _aPROPERTY UNIT TRUSTS | ||
| 690 | _aPROPERTY-PROPERTY FINANCE AND INVESTMENT | ||
| 942 | _n0 | ||
| 948 | _c23/04/1997 | ||
| 999 |
_c48970 _d48970 |
||